[Event "Small Paris-ch"]
[Site "Paris"]
[Date "2014.??.??"]
[Round "1"]
[White "Micottis, Dorian"]
[Black "Mousa, Medhat"]
[Result "1/2-1/2"]
[WhiteElo "2065"]
[BlackElo "1953"]
[PlyCount "61"]
[EventDate "2014.07.??"]
[EventType "swiss"]
[EventRounds "7"]
[EventCountry "FRA"]
[SourceTitle "EXT 2015"]
[Source "ChessBase"]
[SourceDate "2014.11.20"]
[SourceVersion "1"]
[SourceVersionDate "2014.11.20"]
[SourceQuality "1"]

1. e4 c5 2. Nf3 Nc6 3. d4 cxd4 4. Nxd4 g6 5. Nc3 Bg7 6. Be3 Nf6 7. Nxc6 bxc6 8. e5 Nd5 9. Nxd5 cxd5 10. Qxd5 Rb8 11. Bxa7 Rxb2 12. Bd4 Rb8 13. Qf3 0-0 14. Be2 Bb7 15. Qg3 Qa5+ 16. c3 d6 17. f4 dxe5 18. fxe5 Ba6 19. Bxa6 Qxa6 20. Qf2 f6 21. e6 Qxe6+ 22. Qe2 Qxe2+ 23. Kxe2 Rb2+ 24. Kf3 e5 25. Bc5 Rd8 26. Rhd1 Rxa2 27. Rxd8+ Kf7 28. Rd7+ Kg8 29. Rd8+ Kf7 30. Rd7+ Kg8 31. Rd8+ 1/2-1/2

[Event "Small Paris-ch"]
[Site "Paris"]
[Date "2014.??.??"]
[Round "2"]
[White "Mousa, Medhat"]
[Black "Sotelo, Renzo"]
[Result "1-0"]
[WhiteElo "1953"]
[BlackElo "2061"]
[PlyCount "29"]
[EventDate "2014.07.??"]
[EventType "swiss"]
[EventRounds "7"]
[EventCountry "FRA"]
[SourceTitle "EXT 2015"]
[Source "ChessBase"]
[SourceDate "2014.11.20"]
[SourceVersion "1"]
[SourceVersionDate "2014.11.20"]
[SourceQuality "1"]

1. c4 c6 2. Nc3 d5 3. d4 Nf6 4. Nf3 dxc4 5. a4 Bf5 6. e3 e6 7. Bxc4 Bb4 8. 0-0 Nbd7 9. Qb3 a5 10. Na2 Be7 11. Qxb7 Rb8 12. Qa6 Ra8 13. Qb7 Rb8 14. Qa6 Ra8 15. Qb7 1-0

[Event "Paris-ch op-B 87th"]
[Site "Paris"]
[Date "2012.07.10"]
[Round "4"]
[White "Koenig, Joel"]
[Black "Mousa, Medhat"]
[Result "1/2-1/2"]
[WhiteElo "1836"]
[BlackElo "1973"]
[PlyCount "153"]
[EventDate "2012.07.07"]
[EventType "swiss"]
[EventRounds "9"]
[EventCountry "FRA"]
[SourceTitle "EXT 2013"]
[Source "ChessBase"]
[SourceDate "2012.11.22"]
[SourceVersion "1"]
[SourceVersionDate "2012.11.22"]
[SourceQuality "1"]

1. d4 Nf6 2. Nf3 e6 3. Bg5 b6 4. e3 Bb7 5. Bd3 c5 6. c3 Be7 7. 0-0 Ne4 8. Bxe7 Qxe7 9. Nbd2 Nxd2 10. Nxd2 d5 11. f4 0-0 12. f5 exf5 13. Bxf5 Qxe3+ 14. Kh1 Nc6 15. Rf3 Qg5 16. Qc2 g6 17. Rg3 Qh6 18. Nf3 Ne7 19. Re1 Nxf5 20. Qxf5 Rfe8 21. Ne5 Qg7 22. Qf2 Re7 23. Rf3 cxd4 24. cxd4 Rf8 25. Rf6 Bc8 26. Rc1 Be6 27. h3 Rc8 28. Rxc8+ Bxc8 29. Rd6 Re8 30. Qh4 Be6 31. Rc6 f6 32. Nf3 Qd7 33. Rc3 Kg7 34. Qg3 Rc8 35. Rxc8 Qxc8 36. Qd6 Qd7 37. Qb8 Bf5 38. Qg3 Qe7 39. a3 Be4 40. Ng1 Qd7 41. Kh2 Kf7 42. Ne2 Ke7 43. Nc3 a6 44. Qf4 g5 45. Qg3 Qd6 46. Qxd6+ Kxd6 47. g3 Bc2 48. Kg2 Bb3 49. Kf3 Ke6 50. Kg4 b5 51. h4 gxh4 52. gxh4 Bc2 53. Kf4 Bg6 54. b4 Kd6 55. Ne2 Ke6 56. Nc3 Bh5 57. a4 Be8 58. axb5 Bxb5 59. Nd1 Kd6 60. Kf5 Ke7 61. Ne3 Bd3+ 62. Kf4 Kd6 63. Ng4 Ke6 64. Ne3 Be2 65. Nc2 Bd3 66. Na1 Bc4 67. Nc2 Kd6 68. Ne3 h5 69. Kf5 Kc6 70. Kxf6 Kb5 71. Ke5 Kxb4 72. Nxd5+ Bxd5 73. Kxd5 a5 74. Ke5 a4 75. d5 a3 76. d6 a2 77. d7 1/2-1/2

[Event "Paris-ch op-B 87th"]
[Site "Paris"]
[Date "2012.07.08"]
[Round "2"]
[White "Aron Samuel, Emmanuel"]
[Black "Mousa, Medhat"]
[Result "0-1"]
[WhiteElo "1842"]
[BlackElo "1973"]
[PlyCount "66"]
[EventDate "2012.07.07"]
[EventType "swiss"]
[EventRounds "9"]
[EventCountry "FRA"]
[SourceTitle "EXT 2013"]
[Source "ChessBase"]
[SourceDate "2012.11.22"]
[SourceVersion "1"]
[SourceVersionDate "2012.11.22"]
[SourceQuality "1"]

1. c4 c5 2. Nf3 Nf6 3. Nc3 d5 4. cxd5 Nxd5 5. e4 Nb4 6. a3 N4c6 7. Bc4 e6 8. 0-0 Be7 9. d3 0-0 10. Be3 b6 11. Qc2 Ba6 12. Nb5 Bf6 13. Rad1 e5 14. Nc3 Bxc4 15. dxc4 Nd4 16. Qa4 Re8 17. Nd5 Nbc6 18. Rd2 Nxf3+ 19. gxf3 Nd4 20. Bxd4 exd4 21. Qc6 Be5 22. f4 Bxf4 23. Nxf4 Qg5+ 24. Kh1 Qxf4 25. Rd3 Qxe4+ 26. Qxe4 Rxe4 27. b4 Rae8 28. bxc5 bxc5 29. Rb3 g6 30. Rb5 d3 31. Rxc5 d2 32. Rd5 Re1 33. Kg2 Rxf1 0-1

[Event "Paris-ch op-A"]
[Site "Paris"]
[Date "2010.07.08"]
[Round "6"]
[White "Mousa, Medhat"]
[Black "Olivier, Jean"]
[Result "1/2-1/2"]
[WhiteElo "1879"]
[BlackElo "1800"]
[PlyCount "99"]
[EventDate "2010.07.03"]
[EventType "swiss"]
[EventRounds "9"]
[EventCountry "FRA"]
[SourceTitle "CBM 137 Extra"]
[Source "ChessBase"]
[SourceDate "2010.09.01"]
[SourceVersion "1"]
[SourceVersionDate "2010.09.01"]
[SourceQuality "1"]

1. d4 f5 2. c4 e6 3. g3 c6 4. Bg2 Nf6 5. Nh3 d5 6. 0-0 Be7 7. Bf4 0-0 8. Nd2 Ne4 9. Rc1 Ng5 10. Bxg5 Bxg5 11. e3 Be7 12. Nf4 Na6 13. cxd5 exd5 14. Qc2 Bg5 15. Nd3 Be6 16. Nf3 Be7 17. Nfe5 Nc7 18. Nf4 Bd6 19. Nxe6 Nxe6 20. Nd3 Qf6 21. b4 a6 22. a4 Nc7 23. Nc5 Bxc5 24. Qxc5 Qf7 25. Rb1 Qd7 26. Qb6 Rab8 27. Rfc1 Rf7 28. Qa7 Qd8 29. Qc5 Ne6 30. Qc2 Ng5 31. b5 Rf6 32. bxc6 bxc6 33. Qe2 Rxb1 34. Rxb1 Qa5 35. Qh5 h6 36. h4 Ne4 37. Qe8+ Kh7 38. Bxe4 fxe4 39. h5 Qd2 40. Rf1 Qa2 41. Kh1 Qc4 42. Rg1 Qe2 43. Rg2 Qg4 44. Rh2 Qd1+ 45. Kg2 Qxa4 46. Rh4 Qb4 47. Rf4 Qd6 48. Rxf6 Qxf6 49. Qa8 Qf3+ 50. Kg1 1/2-1/2

[Event "Paris-ch op-A"]
[Site "Paris"]
[Date "2010.07.05"]
[Round "3"]
[White "Claisse, Patrick"]
[Black "Mousa, Medhat"]
[Result "1/2-1/2"]
[WhiteElo "1911"]
[BlackElo "1879"]
[PlyCount "61"]
[EventDate "2010.07.03"]
[EventType "swiss"]
[EventRounds "9"]
[EventCountry "FRA"]
[SourceTitle "CBM 137 Extra"]
[Source "ChessBase"]
[SourceDate "2010.09.01"]
[SourceVersion "1"]
[SourceVersionDate "2010.09.01"]
[SourceQuality "1"]

1. e4 c5 2. Nf3 Nc6 3. d4 cxd4 4. Nxd4 Nf6 5. Nc3 e6 6. Ndb5 Bb4 7. Nd6+ Ke7 8. Nxc8+ Rxc8 9. Bd2 Bxc3 10. Bxc3 Nxe4 11. Bxg7 Qa5+ 12. c3 Rhg8 13. Bd3 Nxf2 14. Bf6+ Kxf6 15. Qf3+ Ke7 16. Qxf2 Qe5+ 17. Be2 b6 18. Qh4+ Qg5 19. Qxh7 Rh8 20. Qe4 Rxh2 21. Rxh2 Qg3+ 22. Kd2 Qxh2 23. Rf1 Qe5 24. Qh4+ Kd6 25. Rxf7 Rh8 26. Qf4 Rg8 27. g4 Qxf4+ 28. Rxf4 Ne7 29. Bf3 Ng6 30. Ra4 Ne5 31. Be2 1/2-1/2